Konjunkturálne štúdie

Enregistré dans:
Détails bibliographiques
Auteur principal: Bacová, Viera
Collectivité auteur: Vysoká škola ekonomická v Bratislave. Národohospodárska fakulta
Format: Livre
Langue:slovaque
Publié: Bratislava VŠE 1991
Sujets:
Tags: Ajouter un tag
Pas de tags, Soyez le premier à ajouter un tag!

MARC

LEADER 00000nam a2200000 4500
001 c000252
005 20221103080833.5
020 |a 80-225-0336-3 
041 0 |a slo 
044 |a SK 
245 1 0 |a Konjunkturálne štúdie  |c Viera Bacová a kolektív 
264 1 |a Bratislava  |b VŠE  |c 1991 
300 |a 100 s. 
610 2 0 |a konjunktúra hospodárska 
610 2 0 |a výskum 
610 2 0 |a prognózy hospodárske 
610 2 0 |a politika cenová 
610 2 0 |a politika hospodárska 
610 2 0 |a zmeny štruktúrne 
610 2 0 |a zamestnanosť 
610 2 0 |a investície 
610 2 0 |a rozvoj vedeckotechnický 
100 1 |a Bacová, Viera 
710 2 |a Vysoká škola ekonomická v Bratislave. Národohospodárska fakulta